| 000 | 00998nam a22003017a 4500 | ||
|---|---|---|---|
| 001 | 00181 | ||
| 003 | DO-SdBNP | ||
| 005 | 20180417083500.0 | ||
| 007 | 00181 | ||
| 008 | 160413b dr1993||||| |||| 00| 0 spa d | ||
| 040 |
_aBPMSU _bspa _cBPMSU |
||
| 092 |
_a372.7 _bM425q 5to. 1993 |
||
| 245 |
_aMatemática 5to. : _beducación primaria / _cequipo didáctico, Luis Castillo , Laura Minguez de Valerio , Iris Cristina Sánchez. |
||
| 250 | _a3a ed. | ||
| 260 |
_aSanto Domingo : _bDisesa, _c1993. |
||
| 300 |
_a176 p. : _bil., _c27 cm. |
||
| 650 | 4 |
_aMATEMÁTICAS _xENSEÑANZA BÁSICA |
|
| 650 | 4 |
_aMATEMÁTICAS _xEDUCACIÓN PRIMARIA |
|
| 650 | 4 |
_aMATEMÁTICAS _xLIBROS DE TEXTOS |
|
| 650 | 4 |
_aMATEMÁTICAS _xESTUDIOS Y EJERCICIOS |
|
| 650 | 4 |
_aEDUCACIÓN PRIMARIA _zREPÚBLICA DOMINICANA |
|
| 700 | 1 | 2 | _aCastillo Acosta, Luis |
| 700 | 1 | 2 | _aMinguez de Valerio, Laura |
| 700 | 1 | 2 | _aSánchez, Iris Cristina |
| 942 |
_2ddc _cBK |
||
| 945 | _ainventariado, 2018 / dg | ||
| 956 | _aBrenda Tavárez | ||
| 999 |
_c9732 _d9732 |
||